| 000 | 00742nam a2200217 i 4500 | ||
|---|---|---|---|
| 001 | 79307 | ||
| 003 | ES-MaACL | ||
| 005 | 20251110063220.0 | ||
| 007 | t| | ||
| 008 | 041020s1947 mx ||||1| spa d | ||
| 100 |
_aHenríquez Ureña, Pedro, _d1884-1946 _9176516 |
||
| 245 | 1 | 0 |
_aHistoria de la cultura en la América Hispánica / _cPedro Henríquez Ureña. |
| 250 | _a[1ª ed.]. | ||
| 260 |
_aMéxico : _bFondo de Cultura Económica de México, _c[1947] ( _fGráf. Panamericana) |
||
| 300 |
_a241 p., 15 lám. ; _c22 cm. |
||
| 490 | 1 |
_aTierra firme ; _v28 |
|
| 651 | 4 |
_aAmérica española- _xCivilización. _97720 |
|
| 830 | 0 |
_aTierra firme ; _v28 _9178734 |
|
| 852 |
_aES-MaACL _jD-7745 _bR.30402 |
||
| 999 |
_c79307 _d79307 |
||